| 000 | 00595nam a2200217Ia 4500 | ||
|---|---|---|---|
| 003 | 0100 | ||
| 008 | 130303s9999 xx 000 0 und d | ||
| 040 | _cARRUPELIB | ||
| 050 | _aHQ1236.5.A35W65 2000 | ||
| 245 | _aBeyond inequalities | ||
| 245 | _bwomen in southern Africa | ||
| 260 | _aHarare | ||
| 260 | _bSouthern African Research and Documentation Centre (SARDC) | ||
| 260 | _C2000 | ||
| 300 | _a332p. | ||
| 300 | _b 23 cm | ||
| 440 | _aBeyond inequalities | ||
| 650 | _bFrancis of Assisi, St | ||
| 700 | _aKethusegile, B.K. ; Kwaramba, A. ; Lopi, B. (ed.) | ||
| 942 |
_2lcc _05 |
||
| 999 |
_c62338 _d62338 |
||